Poemas en directo / (Record no. 186311)

MARC details
000 -LEADER
campo de control de longitud fija 00975nam a2200253 i 4500
001 - NÚMERO DE CONTROL
campo de control 186311
003 - IDENTIFICADOR DE NÚMERO DE CONTROL
campo de control SpMaBN
005 - FECHA Y HORA DE LA ÚLTIMA TRANSACCIÓN
campo de control 20231210130226.0
008 - DATOS DE LONGITUD FIJA--INFORMACIÓN GENERAL
campo de control de longitud fija 161006s2015 sp |||| | spa d
020 ## - NÚMERO INTERNACIONAL ESTÁNDAR DEL LIBRO
Número Internacional Estándar del Libro 978-84-16149-95-7
080 ## - NÚMERO DE LA CLASIFICACIÓN DECIMAL UNIVERSAL
Número de la Clasificación Decimal Universal 821.134.2-14"19"
100 1# - ENTRADA PRINCIPAL--NOMBRE DE PERSONA
Nombre de persona Huerta Niembro, Marisol (
Fechas asociadas al nombre 1954-)
9 (RLIN) 161074
245 10 - MENCIÓN DEL TÍTULO
Título Poemas en directo /
Mención de responsabilidad, etc. Marisol Huerta Niembro ; [prólogo, Álvaro Muñoz Robledano].
260 ## - PUBLICACIÓN, DISTRIBUCIÓN, ETC.
Lugar de publicación, distribución, etc. [Cáceres] :
Nombre del editor, distribuidor, etc. Ayuntamiento de Cáceres,
Fecha de publicación, distribución, etc. [2015]
300 ## - DESCRIPCIÓN FÍSICA
Extensión 68 p. ;
Dimensiones 22 cm.
490 1# - MENCIÓN DE SERIE
Mención de serie Colección de poesía ciudad de Cáceres ;
Designación de volumen o secuencia 23
586 ## - NOTA DE PREMIOS
Nota de premios XXVI Premio de Poesía "Cáceres, Patrimonio de la Humanidad", 2014
700 1# - ENTRADA AGREGADA--NOMBRE PERSONAL
Nombre de persona Muñoz Robledano, Alvaro.
9 (RLIN) 84487
710 1# - ENTRADA AGREGADA--NOMBRE DE ENTIDAD CORPORATIVA
Nombre de entidad corporativa o nombre de jurisdicción como elemento de entrada Cáceres.
Unidad subordinada Ayuntamiento.
9 (RLIN) 161075
830 0# - PUNTO DE ACCESO ADICIONAL DE SERIE-TÍTULO UNIFORME
Título uniforme Colección de poesía ciudad de Cáceres ;
Designación de volumen o secuencia 23
9 (RLIN) 192524
852 ## - LOCALIZACIÓN
Ubicación ES-MaACL
Número de control de estantería A-13961
itemnumber 193366
Sublocalización o colección R.150704
Ubicación en estantería Depósito 1
Signatura antigua Olim: N-6961
Encuadernación Encuadernación en cartoné
942 ## - ELEMENTOS DE ENTRADA SECUNDARIOS (KOHA)
Fuente del sistema de clasificación o colocación Clasificación decimal universal
Holdings
Estatus retirado Estado de pérdida Fuente del sistema de clasificación o colocación Estado de daño No para préstamo Biblioteca de origen Biblioteca actual Ubicación en estantería Fecha de adquisición Fuente de adquisición Total de préstamos Signatura topográfica completa Código de barras Visto por última vez Precio de reemplazo Tipo de ítem Koha
    Clasificación decimal universal     Biblioteca del Ateneo de Madrid Biblioteca del Ateneo de Madrid Depósito 1 06/10/2016 Donación   A-13961 1196442 23/02/2023 23/02/2023 Libro impreso